00621nam a22002177a 4500001001000000003000500010005001700015008004100032010001000073011001000083035001000093040000900103100002600112245002700138260006100165300002300226490005100249650002600300650002600326830005100352000013184CHAP20220408110658.0971013s1948 r 00010 d a12148 a13120 a17191 cCHAP00aGentry, Howard Scott.10aLand plants collected. aLos Angeles :bUniv. of Souther California Press,c1948. a46 p. :b: láms.1 aAllan Hancock Atlantic Expedition. Reportv; 614aBotánicaxAntillas.14aBotánicaxPanamá.00aAllan Hancock Atlantic Expedition. Reportv; 6